Principles of linear systems and signals (Record no. 5511)

MARC details
000 -LEADER
fixed length control field 00572nam a2200169Ia 4500
003 - CONTROL NUMBER IDENTIFIER
control field SGT
020 ## - INTERNATIONAL STANDARD BOOK NUMBER
International Standard Book Number 9780198062271
082 ## - DEWEY DECIMAL CLASSIFICATION NUMBER
Classification number 621.3822
Item number LAT
100 ## - MAIN ENTRY--PERSONAL NAME
Personal name Lathi, B. P.
245 ## - TITLE STATEMENT
Title Principles of linear systems and signals
250 ## - EDITION STATEMENT
Edition statement 2nd Ed.
260 ## - PUBLICATION, DISTRIBUTION, ETC. (IMPRINT)
Name of publisher, distributor, etc Oxford University Press
Place of publication, distribution, etc N.Delhi
Year of Publication 2012
300 ## - PAGE DESCRIPTION
No. of Pages 960p.
650 ## - SUBJECT ADDED ENTRY--TOPICAL TERM
Topical term or geographic name as entry element ELECTRONICS ENGINEERING
653 ## - KEYWORDS--INDEX TERM
Keyword term SIGNALS AND SYSTEMS,TIME-DOMAIN ANALYSIS OF CONTINUOUS-TIME SYSTEMS TIME-DOMAIN ANALYSIS OF DISCRETE-TIME SYSTEMS,CONTINUOUS-TIME SYSTEMS ANALYSIS USING THE ;LAPLACE TRANSFORM
942 ## - ADDED ENTRY ELEMENTS (KOHA)
Source of classification or shelving scheme Dewey Decimal Classification
Koha item type Books
Holdings
Withdrawn status Lost status Source of classification or shelving scheme Damaged status Not for loan Home library Current library Date acquired SGTU Total Checkouts Full call number Accession No. (Barcode) Date last seen Bill Date Koha item type Date last borrowed
    Dewey Decimal Classification     SGT Engineering Library SGT Engineering Library 30/05/2013 SGTU   621.3822 LAT FE5691 09/02/2015 09/02/2015 Books  
    Dewey Decimal Classification     SGT Engineering Library SGT Engineering Library 30/05/2013 SGTU   621.3822 LAT FE5692 09/02/2015 09/02/2015 Books  
    Dewey Decimal Classification     SGT Engineering Library SGT Engineering Library 30/05/2013 SGTU 1 621.3822 LAT FE5693 31/01/2018 09/02/2015 Books 16/01/2018